01956nam a2200217 a 4500008004100000020001500041041000800056092001700064100002600081245004100107250004400148260004300192300002000235500008300255505109300338590006101431655002101492942001301513999001501526952019701541180524s2003 a |||gr|||| 000 f spa d a9506440255 aspa c808l81sSTE1 aSteel, Danielle93936 aÁguila solitaria /cDanielle Stell a1a ed.bTraducción Eduardo G. Murillo aBuenos Aires:bPlaza & Janés;c2003. a320 p.c23x16cm aSteel, D. ( 2003). Águila solitaria. (1a ed.). Buenos Aires : Plaza & Janes. aDesde la noche que le conoció, en un baile de sociedad, en diciembre de 1940, kate Jamison supo que Joe Allbright había entrado en su vida para no salir de ella nunca más. De inmediato se sintió atraída por aquel hombre mayor que ella, un aviador famoso, en quien adivinó a alguien especial, poco corriente, brillante y lejano a un tiempo, como una estrella. En los meses que siguieron a su primer encuentro un vínculo se fue estrechando entre ambos, tan fuerte que ni el estallido de la guerra, ni las peligrosas misiones de Joe bajo el cielo de Europa, ni la oposición de la familia de Kate podrían romper. Pero, al acabar la guerra, Kate tuvo que aceptar que su deseo de casarse y formar una familia no tenia cabida en la vida y los sueños de Joe, cuya auténtica pasión era volar. Debía tomar una decisión, encontrar su propio camino...sin saber que nadie puede escapar de su destino. Una historia de amor incondicional, de sacrificio y de compromiso. Porque, si se quiere a alguien de verdad, hay que tener el valor necesario de dejarle volar en libertad.  aProyecto 4to libro. Donación Victoria Lara, mayo 2018. aLiteratura92917 2ddccLIT c2792d2792 00102ddc4070aBFMbBFMcCRd2018-05-24eDonación Victoria Lara, mayo 2018l0o808 81 STEp4291r2018-05-24tEj. 1w2018-05-24yLITzProyecto 4to libro. Donación Victoria Lara, mayo 2018